Vita Laurentii Chadertoni S.T.P. & Collegii Emmanuelis apud Cantabrigienses magistri primi : una cum vita Jacobi Usserii archiepiscopi Armachani, tertiâ ferè parte aucta, quam importuna nimis typographi sestinatio, autori tunc valetudinario transcribendi copiam non permittens, à priore Editione intercluserat /

Bibliographic Details
Main Author: Dillingham, William, 1617?-1689
Format: eBook
Language:Latin
Published: Cantabrigiæ : Typis academicis prostant venales apud Tho. Dawson, Bibliop. Cantab. necnon Sam. Smith and Benj. Walford ..., 1700.
Series:Early English books online.
Subjects:
Online Access:Connect to the full text of this electronic book

MARC

Tag First Indicator Second Indicator Subfields
LEADER 00000nam a2200000Ia 4500
001 in00004244621
005 20200807092954.0
006 m g d
007 cr bn |||a|bb|
008 850319s1700 enk o 00| | lat d
035 |a (OCoLC)11824786 
040 |a EAA  |c EAA  |d m/c  |d WaOLN 
037 |a CL0037000015  |b ProQuest Information and Learning. 300 N. Zeeb Rd., Ann Arbor, MI 48106 
049 |a UMIA 
100 1 |a Dillingham, William,  |d 1617?-1689. 
245 1 0 |a Vita Laurentii Chadertoni S.T.P. & Collegii Emmanuelis apud Cantabrigienses magistri primi :  |b una cum vita Jacobi Usserii archiepiscopi Armachani, tertiâ ferè parte aucta, quam importuna nimis typographi sestinatio, autori tunc valetudinario transcribendi copiam non permittens, à priore Editione intercluserat /  |c a Wilhelmo Dillingham ...; accesserunt etiam ejusdem conciones, altera pro gradu baccalaureatûs in SSiâ. Theologiâ, pro doctoratûs gradu altera. 
260 |a Cantabrigiæ :  |b Typis academicis prostant venales apud Tho. Dawson, Bibliop. Cantab. necnon Sam. Smith and Benj. Walford ...,  |c 1700. 
300 |a 1 online resource ([4], 140 pages) 
336 |a text  |b txt  |2 rdacontent 
337 |a computer  |b c  |2 rdamedia 
338 |a online resource  |b cr  |2 rdacarrier 
500 |a Epistle dedicatory is signed: Tho. Dillingham. 
500 |a Reproduction of original in Cambridge University Library. 
510 4 |a Wing  |c D1488 
533 |a Electronic reproduction.  |b Ann Arbor, Mich. :  |c UMI,  |d 1999-  |f (Early English books online)  |n Digital version of: (Early English books, 1641-1700 ; 529:2)  |7 s1999 miun s 
600 1 0 |a Chaderton, Laurence,  |d 1536?-1640. 
600 1 0 |a Ussher, James,  |d 1581-1656. 
830 0 |a Early English books online. 
856 4 0 |u http://proxy.library.tamu.edu/login?url=https://search.proquest.com/docview/2240870584  |z Connect to the full text of this electronic book  |t 0 
999 f f |s 07455ad6-b16f-3eb6-8de0-87a67a046e80  |i 2a45707f-68a9-3eb8-832a-96394cd3cc40  |t 0 
952 f f |a Texas A&M University  |b College Station  |c Electronic Resources  |d Available Online  |t 0  |h No information provided 
998 f f |t 0  |l Available Online